| 000 | 00408 a2200109 4500 | ||
|---|---|---|---|
| 020 | _a0415270596 | ||
| 082 | _a307.121 WAT | ||
| 100 | _aWatson, Vanessa | ||
| 245 |
_aChange and Continuity in Spatial Planning : metropolitan planning in cape town under political transition _cVanessa Watson |
||
| 260 |
_aLondon : New York : _bTaylor and Francis Group, _c2002 |
||
| 300 |
_aix, 177p. : _bill ., maps, pics., ; _c23 cm |
||
| 650 | _aCity Planning | ||
| 999 |
_c250 _d250 |
||